Stranger Things all episodes by name - Statistics

General Stats
  • This quiz has been taken 525 times
  • The average score is 27 of 42
Answer Stats
Answer % Correct
The Vanishing Of Will Byers
91%
The Rightside Up
86%
The Upside Down
85%
The Battle of Starcourt
81%
The Vanishing of Holly Wheeler
80%
MADMAX
74%
Sorcerer
71%
The Crawl
71%
The lost sister
71%
Suzie, Do You Copy?
70%
The Piggyback
70%
The Gate
69%
The Hellfire Club
68%
The Mind Flayer
68%
Shock Jock
67%
The Massacre at Hawkins Lab
67%
Escape from Camazotz
65%
Holly, Jolly
65%
The Bridge
65%
Dear Billy
64%
The Weirdo on Maple Street
64%
Vecna's Curse
64%
The Body
61%
Trick or Treat, Freak
61%
The Turnbow Trap
60%
Papa
59%
Dig Dug
57%
The Flea and the Acrobat
57%
The Monster
57%
The Flayed
56%
The Nina Project
56%
The Sauna Test
56%
The Spy
56%
The Mall Rats
55%
The Pollywog
55%
The Bathtub
53%
The Case of the Missing Lifeguard
51%
Will the Wise
51%
The Dive
49%
E Pluribus Unum
44%
The Bite
44%
The Monster and the Superhero
44%
No matching quizzes found
Score Distribution
Percent of People with Each Score
Percentile by Number Answered
Your Score History
You have not taken this quiz